| 000 | 00818nas a2200241 4500 | ||
|---|---|---|---|
| 001 | BR8401259 | ||
| 003 | BR-BrBNA | ||
| 005 | 20231205085827.0 | ||
| 007 | ta | ||
| 008 | 230509b bl.|||p| |||| 00| 00por d | ||
| 040 |
_aBR-BrBNA _bpor _cBiblioteca Nacional de Agricultura |
||
| 041 | _a(Pt) | ||
| 072 | _aH10 | ||
| 100 | 1 | _aLink, D. | |
| 100 | 1 | _aCosta, E.C. | |
| 245 | 1 | _aMorfologia e biologia do arlequim da mata, Acrocinus longimanus (L., 1758)[coleoptero] | |
| 246 | 1 | _aMorphology and biology of the harlequin beetle, Acrocinus longimanus (L., 1758)[coleopteron] | |
| 650 | _aCOLEOPTERO | ||
| 650 | _aBIOLOGIA | ||
| 773 | 0 |
_tRevista do Centro de Ciencias Rurais (Brazil) _xISSN 0085-5901 _g(Apr 1983), v. 13(2-3) p. 123-134 _wBR8401259 |
|
| 909 |
_a202311 _bLúcia _c55 _dLúcia Elande |
||
| 942 |
_2AGRIS _n0 _cANA |
||
| 999 |
_c114096 _d114096 |
||